Construction claims in South America (Record no. 112931)

MARC details
000 -LEADER
fixed length control field 01228cad a22002415a 4500
001 - CONTROL NUMBER
control field L154316
008 - FIXED-LENGTH DATA ELEMENTS--GENERAL INFORMATION
fixed length control field 111114s2011 xxk f 000 0 eng d
035 ## - SYSTEM CONTROL NUMBER
System control number (Sirsi) u154316
041 0# - LANGUAGE CODE
Language code of text/sound track or separate title eng
100 1# - MAIN ENTRY--PERSONAL NAME
Personal name Thweatt, W. Tom
245 00 - TITLE STATEMENT
Title Construction claims in South America
Medium [electronic resource]
260 ## - PUBLICATION, DISTRIBUTION, ETC.
Place of publication, distribution, etc. Littleton, CO
Name of publisher, distributor, etc. Long International, Inc
Date of publication, distribution, etc. 2011
505 2# - FORMATTED CONTENTS NOTE
Formatted contents note South America contracting overview -- Common contract types in South America -- Typical dispute resolution approaches -- South American business cultures
520 ## - SUMMARY, ETC.
Summary, etc. Looks at the features of contracts for major projects in South America which are lump sum turn key (LSTK) contracts or "lump sum contracts" and approaches to dispute resolution.
590 ## - LOCAL NOTE (RLIN)
Local note KA NTK
651 #4 - SUBJECT ADDED ENTRY--GEOGRAPHIC NAME
Geographic name South America
690 ## - LOCAL SUBJECT ADDED ENTRY--TOPICAL TERM (OCLC, RLIN)
Topical term or geographic name as entry element BUILT ENVIRONMENT-BUILDING CONTRACT FORMS
690 ## - LOCAL SUBJECT ADDED ENTRY--TOPICAL TERM (OCLC, RLIN)
Topical term or geographic name as entry element MANAGEMENT-DISPUTE AVOIDANCE, MANAGEMENT AND RESOLUTION-DISPUTE MANAGEMENT AND RESOLUTION-ARBITRATION
690 ## - LOCAL SUBJECT ADDED ENTRY--TOPICAL TERM (OCLC, RLIN)
Topical term or geographic name as entry element BUILT ENVIRONMENT-CONSTRUCTION MANAGEMENT-BUILDING CONTRACT ADMINISTRATION
710 1# - ADDED ENTRY--CORPORATE NAME
Corporate name or jurisdiction name as entry element Long International
856 40 - ELECTRONIC LOCATION AND ACCESS
Uniform Resource Identifier <a href="https://www.long-intl.com/articles/South%20America%20Contracting.pdf">https://www.long-intl.com/articles/South%20America%20Contracting.pdf</a>
Public note View this item free of charge at www.long-intl.com
942 ## - ADDED ENTRY ELEMENTS (KOHA)
Suppress in OPAC 0
Holdings
Withdrawn status Lost status Source of classification or shelving scheme Damaged status Not for loan Home library Current library Shelving location Date acquired Total Checkouts Full call number Barcode Date last seen Copy number Price effective from Koha item type
    Dewey Decimal Classification     Virtual Virtual Online 14/11/2011   ONLINE PUBLICATION 154316-1001 06/08/2019 1 06/08/2019 Book